1357 1969 1719 1851 1094 1413 1086 1786 1862 1250 1019 1135 1058 1206 1828 1373 1678 1551 1043 1233 1108 1345 1995 1820 1892 1306 1121 1310 1785 1407 1683 1798 1121 1757 1752 1302 1636 1054 1779 1487 1945 1580 1233 1246 1407 1631 1434 1450 1779 1721 1196 1390 1671 1463 1318 1120 1742 1329 1591 1994 1229 1087 1054 1220 1744 1363 1965 1772 1197 1086 1184 1779 1907 1902 1683 1495 1519 1576 1119 1406 1738 1803 1522 1338 1809 1235 1630 1919 1121 1033 1715 1717 1111 1807 1089 1093 1983 1529 1471 BCNSPRNW ULIB Ver.6.0+V

เปลี่ยนเป็นภาษาไทย

Change to English
 แสดงรายละเอียดบรรณานุกรม
  กลับหน้าหลัก

Brief Record : Get Marc (ISO 2709) : E-mail record : QR code < ปิดหน้าต่าง
LEADER : 00000nam 2200000uu 4500
001    13399114070
003     ULIB
008    120214s2546||||th 000 0 tha d
020    ^a9749181034
060 04 ^aWA380^bป471ก 2546
245 00 ^aไปดูการกระจายอำนาจด้านสุขภาพที่ออสเตรเลีย (13-26 กรกฎาคม2546) /^cบรรณาธิการ, ปรีดา แต้อารักษ์, รำไพ แก้ววิเชียร ; ผู้เขียน/สนับสนุนข้อมูลในการเขียน: ลือชา วนรัตน์ ... และคนอื่นๆ]
250    ^aพิมพ์ครั้งที่ 1
260    ^a[นนทบุรี] :^bกลุ่มสนับสนุนและพัฒนาการกระจายอำนาจด้านสุขภาพสำนักนโยบายและยุทธศาสตร์ กระทรวงสาธารณสุข,^c2546
300    ^a80 หน้า :^bภาพประกอบ ;^c21 ซม.
650  7 ^aการบริการสาธารณสุข^zออสเตรเลีย
650  7 ^aการปฏิรูประบบบริการสาธารณสุข^zออสเตรเลีย
700 0  ^aลือชา วนรัตน์
700 0  ^aปรีดา แต้อารักษ์,^eบรรณาธิการ
700 0  ^aรำไพ แก้ววิเชียร,^eบรรณาธิการ
710 2  ^aกระทรวงสาธารณสุข. ^bสำนักนโยบายและยุทธศาสตร์.^bกลุ่มสนับสนุนและพัฒนาการกระจายอำนาจด้านสุขภาพ
945    ^p0^l0^i12651
945    ^p0^l0^i12652
945    ^p0^l0^i12654
995    ^aกัณชพร
999    ^aใช้งานได้ทุกระบบ
รายการนี้ยังไม่มีแท็ก
คุณยังไม่ได้ล็อกอิน คุณสามารถมีกิจกรรมร่วมกับเว็บไซต์ได้ แต่ต้องล็อกอินก่อน ::
  ล็อกอิน

รายการสื่อสารสนเทศ

ลำดับที่ ประเภท เลขเรียก/บาร์โค้ด สถานที่ สถานะ
- ไม่พบข้อมูล -

BibComment


ยังไม่เคยถูกคอมเมนท์

คอมเมนท์ทรัพยากรรายการนี้
  คอมเมนท์: ไปดูการกระจายอำน..


 Copyright 2026. Bcnsprnw @Library